000 00415nam a2200157Ia 4500
008 221030s9999 xx 000 0 und d
020 _a8131502708
041 _aEnglish
082 _a105.23
100 _aA. Sherrod
245 0 _aUltimate 3 D Game Engine Design & Architecture With CD
_cby A. Sherrod
260 _bCengage Learning
_aNew Delhi
_c2008
300 _a538
650 _aCSE Career Award
942 _cBK
999 _c6288
_d6288